Statistiques concernant Demon Slayer Personnages

Cliquez ici pour prendre le quiz!

Statistiques générales

  • Ce quiz a été pris 872 fois
  • Le résultat moyen est 30 sur 165

Statistiques - réponses

IndicesRéponses% Correct
Souffle du SoleilTanjiro Kamado
95%
Souffle de la FoudreZenitsu Agatsuma
92%
DémonNezuko Kamado
91%
Souffle de la BêteInosuke Hashibira
90%
Pilier de la FlammeKyojuro Rengoku
89%
Pilier du SonTengen Uzui
85%
Pilier de l'EauGiyu Tomioka
81%
1er DémonMuzan Kibutsuji
81%
Pilier de l'InsecteShinobu Kocho
80%
Pilier de l'AmourMitsuri Kanroji
78%
3ème Lune DémoniaqueAkaza / Hakuji
77%
Pilier de la BrumeMuichiro Tokito
76%
Pilier du SerpentObanai Iguro
73%
Pilier du VentSanemi Shinazugawa
72%
Souffle de la FleurKanao Tsuyuri
71%
Pilier de la RocheGyomei Himejima
68%
2ème Lune DémoniaqueDoma
64%
Transformation DémoniaqueGenya Shinazugawa
60%
Ancienne 6ème Lune DémoniaqueDaki / Ume
59%
Ancien Pilier de la FleurKanae Kocho
57%
1er Lune DémoniaqueKokushibo / Michikatsu Tsugikuni
55%
Ancienne 6ème Lune DémoniaqueGyutaro
50%
11ème Lune DémoniaqueRui
50%
7ème Lune DémoniaqueEnmu
49%
Ancien Pilier de l'EauSakonji Urokodaki
49%
Famille TsugikuniYoriichi Tsugikuni
48%
Train de l'InfiniTomi
46%
5ème Lune DémoniaqueGyokko
44%
DémonTamayo
44%
Ancienne 4ème Lune DémoniaqueHantengu
43%
Chef des PourfendeursKagaya Ubuyashiki
42%
Domaine des PapillonsAoi Kanzaki
39%
Sélection FinaleSabito
33%
4ème Lune DémoniaqueNakime
31%
Pourfendeur de DémonMurata
30%
Famille KamadoTanjuro Kamado
30%
6ème Lune DémoniaqueKaigaku
28%
Famille RengokuSenjuro Rengoku
28%
Sélection FinaleMakomo
25%
Ancien Pilier de la FlammeShinjuro Rengoku
25%
DémonYushiro
25%
Village des ForgeronsHotaru Haganezuka
24%
Ancien Pilier de la FoudreJigoro Kuwajima
24%
Femme du Chef des PourfendeursAmane Ubuyashiki
22%
Famille KamadoKie Kamado
22%
Ancienne 12ème Lune DémoniaqueKyogai
21%
Femme du Pilier du SonMakio
19%
Famille KamadoRokuta Kamado
19%
Femme du Pilier du SonSuma
19%
Domaine des PapillonsSumi Nakahara
17%
Famille ShinazugawaSumi Shinazugawa
17%
Femme du Pilier du SonHinatsuru
16%
Famille TokitoYuichiro Tokito
16%
Famille KamadoHanako Kamado
15%
Famille KamadoTakeo Kamado
15%
DémonSusamaru
14%
Domaine des PapillonsNaho Takada
13%
Famille KamadoShigeru Kamado
13%
DémonYahaba
13%
Descendent | FurtifGoto
11%
Fils du Chef des PourfendeursKiriya Ubuyashiki
11%
Haine de l'Ancienne 4ème LuneZohakuten
11%
Domaine des PapillonsKiyo Terauchi
10%
10ème Lune DémoniaqueMukago
10%
Famille RengokuRuka Rengoku
10%
DescendentKanata Kamado
9%
Fille du Chef des PourfendeursKanata Ubuyashiki
9%
Village des ForgeronsKotetsu
9%
Tristesse de l'Ancienne 4ème LuneAizetsu
8%
DémonDémon Main
8%
8ème Lune DémoniaqueRokuro
8%
Colère de l'Ancienne 4ème LuneSekido
8%
Ancienne 8ème Lune DémoniaqueHairo
7%
12ème Lune DémoniaqueKamanue
7%
Relaxation de l'Ancienne 4ème LuneKaraku
7%
Plaisir de l'Ancienne 4ème LuneUrogi
7%
9ème Lune DémoniaqueWakuraba
7%
ChatChachamaru
6%
Fille du Chef des PourfendeursHinaki Ubuyashiki
6%
Famille ShinazugawaKoto Shinazugawa
6%
Village des ForgeronsKozo Kanamori
6%
Pourfendeur de DémonOzaki
6%
Maison aux TamboursTeruko
6%
Fille du Chef des PourfendeursKuina Ubuyashiki
5%
Fille du Chef des PourfendeursNichika Ubuyashiki
5%
Famille KamadoSumiyoshi
5%
DémonDémon du Marais
4%
DémonDémon du Temple
4%
SerpentKaburamaru
4%
Quartier des PlaisirsKoinatsu
4%
Famille HashibiraKotoha Hashibira
4%
Femme de MuzanRei
4%
Famille KamadoSumire
4%
Famille KamadoSuyako
4%
Village des ForgeronsTecchin Tecchikawahara
4%
DescendentToko Agatsuma
4%
Famille TomiokaTsutako Tomioka
4%
Famille TsugikuniUta
4%
DémonDémon à Corne
3%
Descendent | Première MissionKazumi
3%
Maison aux TamboursKiyoshi
3%
Famille d'HakujiKoyuki
3%
Vieille HommeSaburo
3%
Première MissionSatoko
3%
Maison aux TamboursShoichi
3%
Corbeau de LiaisonUkogi / Chuntaro
3%
Rancœur de l'Ancienne
4ème Lune
Urami
3%
Famille TsugikuniAkeno Tsugikuni
2%
DémonDémon à la Langue
2%
Train de l'InfiniFuku
2%
DémonGrande Sœur Araignée Démon
2%
DémonGrand Frère Araignée Démon
2%
Quartier des PlaisirsHiro
2%
Famille ShinazugawaHiroshi Shinazugawa
2%
Vieille FemmeHisa
2%
DémonMère Araignée Démon
2%
Quartier des PlaisirsOmitsu
2%
DémonPère Araignée Démon
2%
Famille ShinazugawaShizu Shinazugawa
2%
Famille ShinazugawaShuya Shinazugawa
2%
DescendentSumihiko Kamado
2%
Village des ForgeronsTetsuido
2%
Première MissionTokie
2%
Marchand de UdonToyo
2%
DescendentAoba Hashibira
1%
DémonDémon à la Flûte
1%
DémonDémon Serpent
1%
DescendentGiichi Tomioka
1%
Corbeau de LiaisonGinko
1%
Famille d'HakujiKeizo
1%
Village des ForgeronsKotaro
1%
Famille ShinazugawaKyogo Shinazugawa
1%
Pourfendeur de DémonNagakura
1%
Pourfendeur de DémonNoguchi
1%
Famille Adoptive de GyomeiSayo
1%
Pourfendeur de DémonShimamoto
1%
DémonSlasher
1%
Descendent | Pourfendeur de DémonTakeuchi
1%
Histoire de Giyu TomiokaTaro
1%
Famille ShinazugawaTeiko Shinazugawa
1%
DescendentTenma Uzui
1%
Corbeau de LiaisonTennoji Matsuemon
1%
DescendentTojuro Rengoku
1%
Ancienne 7ème Lune DémoniaqueUbume / Yae
1%
Homme Tué par MuzanYacchan
1%
Pourfendeur de DémonYoshioka
1%
DescendentYoshiteru Agatsuma
1%
Village des ForgeronsKanaike
0%
Corbeau de LiaisonKanzaburo
0%
Village des ForgeronsKongoji
0%
Pourfendeur de DémonMasachika Kumeno
0%
FurtifMasao Maeda
0%
Histoire de Giyu TomiokaMatazo
0%
DescendentSanehiro Shinazugawa
0%
Passé de InosukeTakaharu
0%
Train de l'InfiniTatsu
0%
Village des ForgeronsTetsudoji
0%
Village des ForgeronsTetsuhiro
0%
Village des ForgeronsTetsumotonaka
0%
Village des ForgeronsTetsuo
0%
Village des ForgeronsTetsutani
0%
Histoire de Giyu TomiokaYae
0%

Distribution des résultats

Percentile par nombre de réponses

% des personnes avec chaque résultat

Votre développement - résultats

Vous n’avez pas pris ce quiz